| 000 | 00705nam a2200229 i 4500 | ||
|---|---|---|---|
| 001 | 58620 | ||
| 003 | ES-MaACL | ||
| 005 | 20250828035600.0 | ||
| 007 | t| | ||
| 008 | 031023s1974 sp ||||1| spa d | ||
| 020 | _a84-265-5627-2 | ||
| 080 | _a373.3/4(460) | ||
| 245 | 0 | 0 |
_aEducación General Básica : _bnuevas orientaciones : primera etapa. |
| 250 | _a7ª ed. | ||
| 260 |
_aMadrid : _bMagisterio Español, _c1974. |
||
| 300 |
_a133 p. ; _c18 cm. |
||
| 490 | 1 |
_aFolletos el Magisterio Español ; _v44-45 |
|
| 650 | 7 |
_aEducación General Básica _2embne _9166246 |
|
| 830 | 1 | 0 |
_aFolletos El Magisterio Español _v44-45 _9182679 |
| 852 |
_aES-MaACL _jE-7165 |
||
| 999 |
_c58620 _d58620 |
||